In Front of 10 Downing Street Quiz Stats

 Plays Quiz Updated Jul 15, 2016

Also try: British Landmarks
Challenge
Share
Tweet
Score 0/18 Timer 06:00
6 Plays Today
% Correct
Margaret Thatcher
97.4%
Winston Churchill
97.2%
Fox
97.2%
Policeman
96.6%
Barack Obama
95.5%
Elizabeth II
94.3%
Cat
93.4%
Nelson Mandela
93.3%
Charles
91.4%
% Correct
Mohandas Gandhi
90.1%
Ringo Starr
86.9%
David Cameron
80.4%
Theresa May
79.6%
Joe Biden
77.9%
Andy Murray
74.6%
George Best
46.9%
Carrie Underwood
41.5%
Harold Wilson
31.3%

You're not logged in!

Compare scores with friends on all Sporcle quizzes.
Join for Free
OR
Log In

You Might Also Like...

Show Comments

Extras

Top Quizzes Today


Score Distribution

Your Account Isn't Verified!

In order to create a playlist on Sporcle, you need to verify the email address you used during registration. Go to your Sporcle Settings to finish the process.

Report this User

Report this user for behavior that violates our Community Guidelines.

Details: